| 000 | 00724nas a2200229 4500 | ||
|---|---|---|---|
| 001 | BR7200651 | ||
| 003 | BR-BrBNA | ||
| 005 | 20231205082356.0 | ||
| 007 | ta | ||
| 008 | 230509b bl.|||p| |||| 00| 00por d | ||
| 040 |
_aBR-BrBNA _bpor _cBiblioteca Nacional de Agricultura |
||
| 041 | _a(Pt) | ||
| 072 | _aF00; E70 | ||
| 100 | 1 | _aPenteado, J.E. | |
| 110 | 1 |
_aBanco de Desenvolvimento do Parana S.A., Curitiba (Brasil) _91089 |
|
| 245 | 1 | _aProducao agricola no Parana 1963-1972 [Brasil] | |
| 650 | _aMERCADO | ||
| 650 | _aPARANÁ | ||
| 773 | 0 |
_tRevista Paranaense de Desenvolvimento (Brazil) _xISSN 0556-6916 _g(Nov 1972), (no. 33) p. 27-70 _wBR7200651 |
|
| 909 |
_a202311 _bLúcia _c55 _dLúcia Elande |
||
| 942 |
_2AGRIS _n0 _cANA |
||
| 999 |
_c91286 _d91286 |
||